000 00399 a2200109 4500
001 ART_23249
005 20260410161929.0
008 260409a
245 1 0 _aPrincipios politico-económico de la empresa pública
100 1 _aCaplán, Benedicto
773 0 _tRevista de la Facultad de Ciencias Económicas de la Universidad de Cuyo
_g- Año III, Nº 7 (ene./abr. 1951)
_wREV22981
999 _c28456
_d28456